| 000 | 00457nam a22001697a 4500 | ||
|---|---|---|---|
| 003 | OSt | ||
| 005 | 20211026040819.0 | ||
| 008 | 170209b xxu||||| |||| 00| 0 eng d | ||
| 020 | _a0874772095 | ||
| 040 |
_aMMU _beng _cMMU _dMMU |
||
| 050 | _aBL624 .C476 1984 | ||
| 245 |
_aChop wood, Carry water / _cedited by Rick Fields |
||
| 260 |
_aNew York : _bPenguin Putman, _c1984. |
||
| 300 |
_a287 p.: _bill. ; |
||
| 650 | _aSpritual life | ||
| 942 |
_2lcc _cLOAN LOAN |
||
| 999 |
_c22371 _d22371 |
||